| 000 | 01332nam a2200265 i 4500 | ||
|---|---|---|---|
| 003 | DO-SdBNP | ||
| 005 | 20240117134256.0 | ||
| 006 | a||||fr|||| 00| 0 | ||
| 007 | ta | ||
| 008 | 240117e1909 dr ||||| m||| 00| 0 spa d | ||
| 040 |
_aDO-SdBNP _bspa _cBNPHU _erda |
||
| 082 | 4 |
_222 _bL793e |
|
| 245 | 1 | 0 |
_aEnsayo jurídico sobre el artículo 911 del código civil. _baño académico de 1908 a 1909, tesis no. 7 para la Licenciatura / _cPedro A. Lluberes (hijo) |
| 246 | 1 | 4 | _aTesis para la Licenciatura. |
| 264 | 1 |
_aSanto Domingo : _bCuna de las América, _c1909 |
|
| 300 |
_a46 páginas ; _c23 cm. |
||
| 336 |
_2rdacontent _atexto _btxt |
||
| 337 |
_2rdamedia _asin mediación _bn |
||
| 338 |
_2rdacarrier _avolumen _bnc |
||
| 500 | _aArt. 16 del reglamento interior del Instituto Profesional. En el examen final, el actuante está obligado á responder á todas las preguntas i observaciones del Jurado Examinador que directa é indirectamente se relaciona con su tesis. | ||
| 500 | _aJurado Examinador: Lic. Ángel M. Soler / Catedrático. Vocales: Lic. Fed. Henríquez y Carvajal / Catedrático, Lic. Natalio Redondo / Catedrático. | ||
| 590 | _aTesis para la Licenciatura de Derecho Civil 1909. Inventariado 2024 / MF | ||
| 710 | 1 |
_aInstituto Profesional de Santo Domingo _bFaculta de Derecho Civil _984783 |
|
| 942 |
_2ddc _cLF2 |
||
| 999 |
_c55716 _d55716 |
||